[Event "CAMPEONATO PANAMERICANO-CONTINENTAL ABSOLUTO 2010"
[Site "Cali, Departamento del Valle del Cauca"]
[Date "2010.11.20"]
[Round "6"]
[Board "1"]
[White "Condori, Edwin"]
[Black "Lopez Idarraga, Daniel Eduardo"]
[Result "1-0"]
[WhiteElo "2171"]
[BlackElo "1997"]
[PlyCount "73"]
[EventDate "2010.11.17"]
[EventRounds "9"]
[EventCountry "COL"]

1.c4 Nf6 2.Nc3 c5 3.g3 g6 4.Bg2 Bg7 5.a3 O-O 6.Rb1 Nc6 7.b4 d6 8.d3 Bf5 9.bxc5
Nd7 10.Na4 Nxc5 11.Nxc5 Qa5+ 12.Bd2 Qxc5 13.a4 Ne5 14.Rb5 Qd4 15.Rd5 Qb6 16.Rb5
Qd4 17.Nf3 Nxf3+ 18.Bxf3 Bh3 19.Qb1 Rab8 20.e3 Qf6 21.Ke2 b6 22.Rc1 Bd7 23.Bc3
e5 24.Rb4 h5 25.a5 Bg4 26.Bxg4 hxg4 27.Kf1 Bh6 28.Kg1 Qf3 29.Rf1 e4 30.axb6 axb6
31.Rxb6 Rbe8 32.Rxd6 exd3 33.Qxd3 Kh7 34.Bd4 Ra8 35.c5 Ra2 36.Qb3 Rd2 37.Rf6

[Event "CAMPEONATO PANAMERICANO-CONTINENTAL ABSOLUTO 2010"
[Site "Cali, Departamento del Valle del Cauca"]
[Date "2010.11.20"]
[Round "6"]
[Board "1"]
[White "Suasnabar, Jesus"]
[Black "Llacsahuanga, Diego"]
[Result "1/2-1/2"]
[WhiteElo "1967"]
[BlackElo "2065"]
[PlyCount "74"]
[EventDate "2010.11.17"]
[EventRounds "9"]
[EventCountry "COL"]

1.e4 c5 2.c3 Nf6 3.e5 Nd5 4.d4 cxd4 5.cxd4 Nc6 6.Nf3 d6 7.a3 dxe5 8.Nxe5 Nxe5
9.dxe5 e6 10.Bd3 Qc7 11.O-O Bd7 12.Qe2 g6 13.Re1 Bg7 14.h4 h6 15.Bd2 Bc6 16.Nc3
Nxc3 17.Bxc3 Qd8 18.Be4 Qxh4 19.Bxc6+ bxc6 20.Bb4 a5 21.Bd6 Bf8 22.Qf3 Rc8
23.Re4 Qd8 24.Bxf8 Kxf8 25.Rd1 Qe7 26.Red4 Rc7 27.Qf6 Qxf6 28.exf6 Kg8 29.Rd7
Rxd7 30.Rxd7 g5 31.Ra7 Kh7 32.Rxf7+ Kg6 33.Ra7 Rb8 34.f7 Kg7 35.Rxa5 Rxb2 36.Ra7
Ra2 37.Re7 Rxa3

[Event "CAMPEONATO PANAMERICANO-CONTINENTAL ABSOLUTO 2010"
[Site "Cali, Departamento del Valle del Cauca"]
[Date "2010.11.20"]
[Round "6"]
[Board "1"]
[White "Prieto, Ernesto"]
[Black "Vacca, Leonardo"]
[Result "1-0"]
[WhiteElo "2102"]
[BlackElo "2043"]
[PlyCount "93"]
[EventDate "2010.11.17"]
[EventRounds "9"]
[EventCountry "COL"]

1.e4 d5 2.exd5 Qxd5 3.Nc3 Qa5 4.Bc4 Nf6 5.Nge2 c6 6.d3 Bf5 7.O-O e6 8.Re1 Be7
9.Bd2 Qc7 10.Nd4 Ng4 11.Nf3 Nd7 12.h3 h5 13.Ne4 O-O-O 14.Qc1 Bxe4 15.Rxe4 Ndf6
16.Re2 Bd6 17.Bc3 Bh2+ 18.Kf1 Bf4 19.Qe1 Rh6 20.Be5 Nxe5 21.Nxe5 Ng4 22.Nxf7
Nh2+ 23.Kg1 Qxf7 24.Rxe6 Nf3+ 25.gxf3 Rg6+ 26.Kf1 Qf5 27.Qe4 Qxe4 28.fxe4 Rd6
29.Rxd6 Bxd6 30.d4 Bh2 31.Ke2 Kd7 32.e5 h4 33.Rh1 Bf4 34.Bd3 Rh6 35.Bf5+ Ke7
36.Kf3 g5 37.Ke4 Rh8 38.c4 Kd8 39.d5 Re8 40.Be6 Ke7 41.Rd1 b5 42.b3 bxc4 43.bxc4
Rb8 44.Bg4 cxd5+ 45.cxd5 Rb2 46.d6+ Kd8 47.e6

[Event "CAMPEONATO PANAMERICANO-CONTINENTAL ABSOLUTO 2010"
[Site "Cali, Departamento del Valle del Cauca"]
[Date "2010.11.20"]
[Round "6"]
[Board "1"]
[White "Avellaneda Arevalo, Ronald"]
[Black "Kostov, Alex"]
[Result "1/2-1/2"]
[WhiteElo "1965"]
[BlackElo "2055"]
[PlyCount "41"]
[EventDate "2010.11.17"]
[EventRounds "9"]
[EventCountry "COL"]

1.e4 e5 2.Nf3 Nc6 3.Bb5 a6 4.Bxc6 dxc6 5.d4 exd4 6.Qxd4 Qxd4 7.Nxd4 Bd7 8.Nc3
O-O-O 9.Be3 c5 10.Nde2 Bc6 11.f3 b6 12.Rd1 Bd6 13.Bf4 f6 14.Nd5 Bxd5 15.Rxd5 Ne7
16.Rd1 Rd7 17.Bxd6 Rhd8 18.Nf4 cxd6 19.Nd5 Nxd5 20.Rxd5 Re8 21.Kf2

[Event "CAMPEONATO PANAMERICANO-CONTINENTAL ABSOLUTO 2010"
[Site "Cali, Departamento del Valle del Cauca"]
[Date "2010.11.20"]
[Round "6"]
[Board "1"]
[White "Ospina Loaiza, Jhonny"]
[Black "Orozco, Lina Yomayra"]
[Result "0-1"]
[WhiteElo "2002"]
[BlackElo "2137"]
[PlyCount "65"]
[EventDate "2010.11.17"]
[EventRounds "9"]
[EventCountry "COL"]

1.e4 c5 2.Nf3 e6 3.d4 cxd4 4.Nxd4 a6 5.Bd3 Qc7 6.O-O Nf6 7.Qe2 d6 8.Kh1 Nc6 9.c3
Ne5 10.Bc2 Be7 11.f4 Ned7 12.Nd2 b6 13.N2f3 Bb7 14.Ng5 g6 15.f5 gxf5 16.exf5 e5
17.Bb3 d5 18.Ndf3 h6 19.Nh3 O-O-O 20.Be3 Bd6 21.Bg1 Rdg8 22.Nf2 Rg7 23.Nd1 Rhg8
24.Ne3 Bc5 25.g3 b5 26.Rad1 Bxe3 27.Bxe3 h5 28.Bg1 h4 29.Bf2 hxg3 30.Bxg3 Rxg3
31.hxg3 Ne4 32.Kh2 Nxg3 33.Qf2

[Event "CAMPEONATO PANAMERICANO-CONTINENTAL ABSOLUTO 2010"
[Site "Cali, Departamento del Valle del Cauca"]
[Date "2010.11.20"]
[Round "6"]
[Board "1"]
[White "Herrera, Juan Sebastian"]
[Black "Vargas, Edwin"]
[Result "0-1"]
[WhiteElo "2125"]
[BlackElo "2011"]
[PlyCount "88"]
[EventDate "2010.11.17"]
[EventRounds "9"]
[EventCountry "COL"]

1.e4 c5 2.Nf3 d6 3.d4 cxd4 4.Nxd4 Nf6 5.Nc3 Nc6 6.Be2 g6 7.Be3 Bg7 8.O-O Bd7
9.h3 O-O 10.Qd2 a6 11.Rad1 Rc8 12.Nxc6 Bxc6 13.Bd4 b5 14.Bf3 Qc7 15.Rfe1 e5
16.Be3 b4 17.Nb1 Qb7 18.Qxd6 Nxe4 19.Qd3 f5 20.a3 a5 21.axb4 axb4 22.Bd2 Kh8
23.Qb3 Nxd2 24.Bxc6 Nxb3 25.Bxb7 Rxc2 26.Rd7 Rxb2 27.Red1 Nd4 28.Nd2 Rc2 29.Bd5
Ne2+ 30.Kf1 Nc3 31.Bb3 Rb2 32.Ra1 Nb5 33.Ra5 Rxd2 34.Rxd2 Nd4 35.Bd5 Rc8 36.g3
b3 37.Rb2 e4 38.Ra8 Rxa8 39.Bxa8 Nf3 40.Rxb3 Nd2+ 41.Ke2 Nxb3 42.g4 Be5 43.Bc6
Kg7 44.Bd7 Nd4+

[Event "CAMPEONATO PANAMERICANO-CONTINENTAL ABSOLUTO 2010"
[Site "Cali, Departamento del Valle del Cauca"]
[Date "2010.11.20"]
[Round "6"]
[Board "1"]
[White "Fernandez, Jaime"]
[Black "Gomez, Samael"]
[Result "0-1"]
[WhiteElo "2015"]
[BlackElo "1994"]
[PlyCount "42"]
[EventDate "2010.11.17"]
[EventRounds "9"]
[EventCountry "COL"]

1.e4 Nf6 2.e5 Nd5 3.d4 Nb6 4.Nc3 d6 5.exd6 cxd6 6.Nf3 g6 7.Be3 Bg7 8.Be2 O-O
9.Qd2 e5 10.Bh6 Nc6 11.h4 Bg4 12.O-O-O Bxf3 13.gxf3 Nxd4 14.h5 Nxe2+ 15.Nxe2 Nc4
16.Bg5 Bh6 17.f4 Bxg5 18.Qc3 exf4 19.hxg6 f3+ 20.Kb1 Qf6 21.Nd4 Rac8

[Event "CAMPEONATO PANAMERICANO-CONTINENTAL ABSOLUTO 2010"
[Site "Cali, Departamento del Valle del Cauca"]
[Date "2010.11.20"]
[Round "7"]
[Board "1"]
[White "Ortiz Suarez, Isan Reynaldo"]
[Black "Sanabria Rangel, Sergio Andres"]
[Result "0-1"]
[WhiteElo "2543"]
[BlackElo "2335"]
[PlyCount "142"]
[EventDate "2010.11.17"]
[EventRounds "9"]
[EventCountry "COL"]

1.e4 e6 2.d4 d5 3.Nc3 Bb4 4.e5 Ne7 5.a3 Bxc3+ 6.bxc3 c5 7.Qg4 O-O 8.Bd3 f5
9.exf6 Rxf6 10.Bg5 Rf7 11.Qh5 g6 12.Qd1 c4 13.Be2 Nbc6 14.Nf3 Qa5 15.Bd2 Nf5
16.O-O Nd6 17.Ng5 Re7 18.f4 b5 19.Bg4 Bd7 20.Re1 Rae8 21.Re2 a6 22.Be1 h6 23.Nf3
Ne4 24.Re3 Rf7 25.g3 Nf6 26.Bh3 Kg7 27.Qe2 Qa4 28.Qd1 Ne4 29.Nd2 Nxd2 30.Bxd2
Rf6 31.Re2 h5 32.Qe1 Qxc2 33.f5 exf5 34.Rxe8 Bxe8 35.Bg5 Rf8 36.Rc1 Qb3 37.Qe6
Qxa3 38.Bg2 f4 39.Qe1 fxg3 40.Qxg3 Rf5 41.Bh3 Nxd4 42.Qc7+ Bf7 43.Bxf5 Nxf5
44.Qe5+ Kg8 45.Rf1 Qc5+ 46.Rf2 Qc8 47.Re2 d4 48.cxd4 b4 49.Bf6 c3 50.d5 Kh7
51.d6 c2 52.Bg5 c1=Q+ 53.Bxc1 Qxc1+ 54.Kf2 Bc4 55.d7 Qd1 56.Qe8 Bxe2 57.Qf7+ Ng7
58.Qe7 Qf1+ 59.Ke3 Qf3+ 60.Kd2 Qd3+ 61.Ke1 b3 62.d8=Q b2 63.Qxg7+ Kxg7 64.Qe7+
Kh6 65.Qf8+ Kg5 66.Qe7+ Kf4 67.Qf6+ Ke3 68.Qg5+ Kd4 69.Qf6+ Kc4 70.Qe6+ Kc3
71.Qe5+ Kc2

[Event "CAMPEONATO PANAMERICANO-CONTINENTAL ABSOLUTO 2010"
[Site "Cali, Departamento del Valle del Cauca"]
[Date "2010.11.20"]
[Round "7"]
[Board "1"]
[White "Rios, Cristhian Camilo"]
[Black "Lima, Darcy"]
[Result "0-1"]
[WhiteElo "2405"]
[BlackElo "2482"]
[PlyCount "64"]
[EventDate "2010.11.17"]
[EventRounds "9"]
[EventCountry "COL"]

1.d4 d5 2.c4 dxc4 3.Nf3 c5 4.d5 e6 5.e4 exd5 6.exd5 Nf6 7.Bxc4 Bd6 8.O-O O-O
9.Bg5 a6 10.a4 Bg4 11.Re1 Nbd7 12.Nbd2 Qc7 13.h3 Bh5 14.Qb3 Rfe8 15.Bf1 h6
16.Bh4 g5 17.Bg3 Bxg3 18.fxg3 Qxg3 19.Qxb7 Bxf3 20.Nxf3 Reb8 21.Qc6 Rc8 22.Qb7
g4 23.hxg4 Rcb8 24.Qc6 Rc8 25.Qb7 Rab8 26.Qxa6 Nxg4 27.Bb5 Nde5 28.Rxe5 Nxe5
29.Rf1 Ng4 30.d6 Rd8 31.b4 Rxd6 32.Qa7 Rd2

[Event "CAMPEONATO PANAMERICANO-CONTINENTAL ABSOLUTO 2010"
[Site "Cali, Departamento del Valle del Cauca"]
[Date "2010.11.20"]
[Round "7"]
[Board "1"]
[White "Arias, Lemmys A"]
[Black "Perez Rodriguez, Luis Manuel"]
[Result "1/2-1/2"]
[WhiteElo "2352"]
[BlackElo "2483"]
[PlyCount "20"]
[EventDate "2010.11.17"]
[EventRounds "9"]
[EventCountry "COL"]

1.d4 d5 2.c4 c6 3.Nc3 Nf6 4.Nf3 e6 5.Bg5 dxc4 6.a4 Bb4 7.e4 Qa5 8.e5 Bxc3+
9.bxc3 Ne4 10.Bd2 Qd5

[Event "CAMPEONATO PANAMERICANO-CONTINENTAL ABSOLUTO 2010"
[Site "Cali, Departamento del Valle del Cauca"]
[Date "2010.11.20"]
[Round "7"]
[Board "1"]
[White "Cori T, Deysi"]
[Black "Cori, Jorge"]
[Result "0-1"]
[WhiteElo "2384"]
[BlackElo "2502"]
[PlyCount "76"]
[EventDate "2010.11.17"]
[EventRounds "9"]
[EventCountry "COL"]

1.d4 Nf6 2.c4 g6 3.Nc3 Bg7 4.e4 d6 5.f4 O-O 6.Nf3 c5 7.dxc5 dxc5 8.Bd3 Nc6 9.e5
Ne8 10.Be3 b6 11.Be4 Bb7 12.Qa4 Qc8 13.Bd5 e6 14.Be4 f6 15.exf6 Nxf6 16.O-O Nxe4
17.Nxe4 Bxb2 18.Rad1 Qc7 19.Nd6 Rad8 20.Nxb7 Qxb7 21.Qc2 Bf6 22.Qe4 Qc8 23.Rde1
Bd4 24.Ng5 Rde8 25.Kh1 Bf6 26.Nf3 Qa8 27.Bd2 Re7 28.Ng5 Nd4 29.Qxa8 Rxa8 30.Bc3
Bxg5 31.fxg5 e5 32.Re4 Rc8 33.h4 Nf5 34.Kh2 Nd6 35.Rg4 e4 36.Bf6 Re6 37.h5 gxh5
38.Rh4 e3

[Event "CAMPEONATO PANAMERICANO-CONTINENTAL ABSOLUTO 2010"
[Site "Cali, Departamento del Valle del Cauca"]
[Date "2010.11.20"]
[Round "7"]
[Board "1"]
[White "Panesso Rivera, Henry"]
[Black "Escobar Forero, Alder"]
[Result "0-1"]
[WhiteElo "2333"]
[BlackElo "2456"]
[PlyCount "106"]
[EventDate "2010.11.17"]
[EventRounds "9"]
[EventCountry "COL"]

1.d4 Nf6 2.c4 d6 3.Nc3 Nbd7 4.e4 e5 5.d5 Be7 6.h3 c6 7.Nge2 cxd5 8.cxd5 O-O
9.Ng3 a6 10.a4 a5 11.Bb5 Ne8 12.h4 g6 13.h5 Bg5 14.Ra3 Ng7 15.Nce2 Nc5 16.Ng1
Bf4 17.N1e2 Bg5 18.Rc3 Bg4 19.hxg6 hxg6 20.f3 Bc8 21.Bxg5 Qxg5 22.Qd2 Qxd2+
23.Kxd2 Rd8 24.Ra3 f5 25.exf5 Bxf5 26.Nf1 Kf7 27.g4 Bd7 28.Bxd7 Nxd7 29.Ne3 Rac8
30.Rb3 Nc5 31.Rb6 e4 32.f4 Rh8 33.Rc1 Rh2 34.Rxb7+ Kg8 35.Rc4 Rf8 36.Rxc5 dxc5
37.Ke1 Rh3 38.Kd2 Rh2 39.Ke1 Rh3 40.Rb3 Ne8 41.Kd2 Nd6 42.Rc3 Rb8 43.b3 Rb4
44.Kc2 Kf8 45.Kd2 Rf3 46.Kc2 Ke7 47.Kd2 Rd4+ 48.Ke1 Rd3 49.Nd1 Rxd5 50.Rxf3 exf3
51.Nec3 Rd3 52.Kf2 Kf7 53.Kg3 Ne8

[Event "CAMPEONATO PANAMERICANO-CONTINENTAL ABSOLUTO 2010"
[Site "Cali, Departamento del Valle del Cauca"]
[Date "2010.11.20"]
[Round "7"]
[Board "1"]
[White "Guerra Tulcan, Lenin"]
[Black "Vittorino, Carlo Giovanni"]
[Result "1-0"]
[WhiteElo "2350"]
[BlackElo "2305"]
[PlyCount "77"]
[EventDate "2010.11.17"]
[EventRounds "9"]
[EventCountry "COL"]

1.e4 d6 2.d4 Nf6 3.Bd3 e5 4.c3 Be7 5.Ne2 O-O 6.O-O Nbd7 7.Nd2 c5 8.d5 Nh5 9.Nc4
Nb6 10.Ne3 g6 11.a4 a5 12.Bd2 Bg5 13.b4 cxb4 14.cxb4 axb4 15.a5 Nd7 16.Bxb4 Bxe3
17.fxe3 Nc5 18.Qc2 Na6 19.Ba3 Bg4 20.Rfb1 Rc8 21.Qd2 Bxe2 22.Bxe2 Nf6 23.Bxa6
bxa6 24.Qd3 Qd7 25.h3 Rfd8 26.Rb4 Qc7 27.Rb6 Qc2 28.Qxc2 Rxc2 29.Rxa6 Nxe4
30.Rc6 Rc8 31.Rxc2 Rxc2 32.a6 Rc7 33.Bxd6 Ra7 34.Bb8 Ra8 35.Bxe5 Kf8 36.a7 Ke7
37.Bb8 Nc3 38.Ra6 Kd7 39.Rc6

[Event "CAMPEONATO PANAMERICANO-CONTINENTAL ABSOLUTO 2010"
[Site "Cali, Departamento del Valle del Cauca"]
[Date "2010.11.20"]
[Round "7"]
[Board "1"]
[White "Rodriguez Vila, Andres"]
[Black "Ostos, Julio"]
[Result "1-0"]
[WhiteElo "2556"]
[BlackElo "2325"]
[PlyCount "53"]
[EventDate "2010.11.17"]
[EventRounds "9"]
[EventCountry "COL"]

1.e4 e6 2.Qe2 c5 3.g3 Nc6 4.Bg2 g6 5.c3 Bg7 6.h4 h5 7.Nf3 Nge7 8.O-O O-O 9.Na3
d6 10.Nc2 e5 11.d3 Rb8 12.a3 a5 13.a4 d5 14.Ne3 d4 15.Nc4 b5 16.axb5 Rxb5 17.Qc2
Bd7 18.Bd2 dxc3 19.bxc3 Qc7 20.Ra4 Rfb8 21.Qa2 Nc8 22.Ng5 Be8 23.Be3 Nb6 24.Nxb6
R8xb6 25.Qc4 Qe7 26.f4 exf4 27.gxf4

[Event "CAMPEONATO PANAMERICANO-CONTINENTAL ABSOLUTO 2010"
[Site "Cali, Departamento del Valle del Cauca"]
[Date "2010.11.20"]
[Round "7"]
[Board "1"]
[White "Barrientos, Sergio E"]
[Black "Mateus, Alejandro"]
[Result "1-0"]
[WhiteElo "2516"]
[BlackElo "2274"]
[PlyCount "71"]
[EventDate "2010.11.17"]
[EventRounds "9"]
[EventCountry "COL"]

1.e4 c5 2.Nf3 d6 3.d4 cxd4 4.Nxd4 Nf6 5.Nc3 a6 6.f4 e6 7.a4 Qc7 8.Bd3 b6 9.O-O
Nbd7 10.Nf3 Bb7 11.Qe2 Be7 12.Kh1 Nc5 13.Bd2 d5 14.e5 Nfe4 15.Nd4 Nxd2 16.Qxd2
Nxd3 17.cxd3 g6 18.Nce2 Qd7 19.Qe3 Rc8 20.g4 Rc2 21.b3 Bb4 22.f5 O-O 23.Qh6 Rfc8
24.Nf4 Bf8 25.Qh3 Bb4 26.fxe6 fxe6 27.Nfxe6 Rb2 28.Ng5 Rcc2 29.Ngf3 Rg2 30.e6
Qg7 31.Rac1 Bc5 32.Rce1 Rgf2 33.Rxf2 Rxf2 34.Qg3 Bxd4 35.e7 Bc6 36.Qb8+

[Event "CAMPEONATO PANAMERICANO-CONTINENTAL ABSOLUTO 2010"
[Site "Cali, Departamento del Valle del Cauca"]
[Date "2010.11.20"]
[Round "7"]
[Board "1"]
[White "Beltran, Carlos Armando"]
[Black "Zapata, Alonso"]
[Result "0-1"]
[WhiteElo "2194"]
[BlackElo "2482"]
[PlyCount "90"]
[EventDate "2010.11.17"]
[EventRounds "9"]
[EventCountry "COL"]

1.Nf3 Nf6 2.d4 g6 3.Bg5 Bg7 4.Nbd2 d5 5.e3 O-O 6.c3 Nbd7 7.Be2 Re8 8.O-O e5
9.dxe5 Nxe5 10.Nxe5 Rxe5 11.Bh4 Re8 12.Bf3 c6 13.Re1 Be6 14.Qc2 Qb6 15.Bg3 Bf5
16.Qb3 Ne4 17.Nxe4 Bxe4 18.Bxe4 Rxe4 19.Qxb6 axb6 20.a3 f5 21.f3 Re7 22.Rad1 Bh6
23.Bf4 Bxf4 24.exf4 Rae8 25.Rxe7 Rxe7 26.Kf2 Kf7 27.h4 h5 28.Rd4 Ke6 29.Rb4 b5
30.a4 bxa4 31.Rxa4 Kd7 32.Ra7 Kc7 33.Ra1 c5 34.g4 Kc6 35.gxh5 gxh5 36.Rg1 d4
37.c4 d3 38.Rd1 Re2+ 39.Kf1 Rc2 40.b3 Rc3 41.Kf2 Rxb3 42.Rg1 b5 43.Rg6+ Kb7
44.Ke3 bxc4 45.Rf6 Rb1

[Event "CAMPEONATO PANAMERICANO-CONTINENTAL ABSOLUTO 2010"
[Site "Cali, Departamento del Valle del Cauca"]
[Date "2010.11.20"]
[Round "7"]
[Board "1"]
[White "Arenas, David"]
[Black "Contreras, Henry"]
[Result "0-1"]
[WhiteElo "2443"]
[BlackElo "2202"]
[PlyCount "112"]
[EventDate "2010.11.17"]
[EventRounds "9"]
[EventCountry "COL"]

1.e4 c5 2.Nf3 d6 3.c3 Nf6 4.Bd3 g6 5.Bc2 Bg7 6.h3 O-O 7.O-O Nc6 8.d4 cxd4 9.cxd4
d5 10.e5 Ne8 11.Nc3 Nc7 12.Be3 f6 13.exf6 exf6 14.Re1 Be6 15.Rc1 Bf7 16.Qd2 Re8
17.Ba4 Re6 18.Ne2 Ne7 19.Nf4 Ra6 20.Bb3 Nf5 21.Nd3 Nxe3 22.Qxe3 Re6 23.Qd2 Rxe1+
24.Nfxe1 Ne6 25.Nf3 Bf8 26.Rc2 a5 27.a3 Nc7 28.Qc1 Nb5 29.Nc5 Nd6 30.Qe1 Qb6
31.Ba4 Bh6 32.Qe7 Qd8 33.Qe1 Rc8 34.Bd7 Rc7 35.Ne6 Rxc2 36.Nxd8 Rc1 37.Be6 Bxe6
38.Nxe6 Bd2 39.Qf1 Rxf1+ 40.Kxf1 Bc1 41.Nc7 Bxb2 42.a4 b5 43.Nxb5 Nxb5 44.axb5
a4 45.Ke2 Kf7 46.Kd3 Ke6 47.Kc2 Ba3 48.Nd2 Bb4 49.Nf1 Be1 50.f3 Kd6 51.Kb2 Bf2
52.Ka3 Bxd4 53.Kxa4 Kc5 54.Nd2 Be3 55.Nb3+ Kc4 56.Na5+ Kc3

[Event "CAMPEONATO PANAMERICANO-CONTINENTAL ABSOLUTO 2010"
[Site "Cali, Departamento del Valle del Cauca"]
[Date "2010.11.20"]
[Round "7"]
[Board "1"]
[White "Garcia, Gildardo"]
[Black "Tobar, Juan Carlos"]
[Result "1-0"]
[WhiteElo "2378"]
[BlackElo "2016"]
[PlyCount "81"]
[EventDate "2010.11.17"]
[EventRounds "9"]
[EventCountry "COL"]

1.e4 g6 2.d4 Bg7 3.Nf3 d6 4.Bc4 e6 5.O-O Ne7 6.Re1 O-O 7.Nc3 a6 8.a4 b6 9.h4 Nd7
10.Bf4 h6 11.Qd2 Kh7 12.Rad1 Bb7 13.Qe3 Nf6 14.Bd3 Ng4 15.Qe2 f6 16.h5 e5
17.hxg6+ Nxg6 18.Bg3 h5 19.Nh4 Nxh4 20.Bxh4 Qe8 21.Nd5 Bxd5 22.exd5+ f5 23.dxe5
Qxe5 24.Qxe5 Nxe5 25.c3 Kg6 26.f4 Ng4 27.Re7 Rae8 28.Bxf5+ Kxf5 29.Rxg7 Re2
30.Rg5+ Ke4 31.Rd4+ Ke3 32.Rg6 Re8 33.Re6+ Rxe6 34.dxe6 Rxb2 35.Rd1 Re2 36.f5
Kf4 37.Rf1+ Ke4 38.f6 Ne3 39.e7 Rxg2+ 40.Kh1 Rg8 41.f7

[Event "CAMPEONATO PANAMERICANO-CONTINENTAL ABSOLUTO 2010"
[Site "Cali, Departamento del Valle del Cauca"]
[Date "2010.11.20"]
[Round "7"]
[Board "1"]
[White "Morales, Jhon Alexander"]
[Black "Condori, Edwin"]
[Result "1-0"]
[WhiteElo "2309"]
[BlackElo "2171"]
[PlyCount "57"]
[EventDate "2010.11.17"]
[EventRounds "9"]
[EventCountry "COL"]

1.e4 c6 2.d4 d5 3.Nc3 dxe4 4.Nxe4 Nd7 5.Ng5 Ngf6 6.Bc4 e6 7.Qe2 Nb6 8.Bb3 h6
9.N5f3 c5 10.Bf4 Bd6 11.Bg3 Bxg3 12.hxg3 Qc7 13.Ne5 a5 14.a3 a4 15.Ba2 cxd4
16.O-O-O O-O 17.Rxd4 Ra5 18.Ngf3 Nbd7 19.Re1 b6 20.Nxf7 Rxf7 21.Qxe6 Ne5 22.Qd6
Qxd6 23.Rxd6 Nxf3 24.gxf3 Bd7 25.Re7 Be8 26.Rxf6 gxf6 27.Rxe8+ Kg7 28.Bxf7 Kxf7
29.Re4

[Event "CAMPEONATO PANAMERICANO-CONTINENTAL ABSOLUTO 2010"
[Site "Cali, Departamento del Valle del Cauca"]
[Date "2010.11.20"]
[Round "7"]
[Board "1"]
[White "Sanchez, Victor Hugo"]
[Black "Salazar, Aura Cristina"]
[Result "1-0"]
[WhiteElo "2293"]
[BlackElo "2150"]
[PlyCount "57"]
[EventDate "2010.11.17"]
[EventRounds "9"]
[EventCountry "COL"]

1.e4 c5 2.Nf3 d6 3.d4 cxd4 4.Nxd4 Nf6 5.Nc3 g6 6.Be3 Bg7 7.f3 O-O 8.Qd2 Nc6
9.Bc4 Bd7 10.O-O-O Ne5 11.Bb3 Rc8 12.h4 h5 13.Kb1 Re8 14.g4 hxg4 15.h5 Nxh5
16.Rdg1 b5 17.Bh6 Bf6 18.Nd5 a5 19.Nxf6+ exf6 20.Rxh5 gxh5 21.Qh2 Rc4 22.Qxh5
Qb6 23.Rh1 Ng6 24.Be3 Qb7 25.Nf5 Bxf5 26.exf5 Qd5 27.Qh7+ Kf8 28.fxg6 Rxe3
29.Qh6+

[Event "CAMPEONATO PANAMERICANO-CONTINENTAL ABSOLUTO 2010"
[Site "Cali, Departamento del Valle del Cauca"]
[Date "2010.11.20"]
[Round "7"]
[Board "1"]
[White "Garavito, Miguel Angel"]
[Black "Acosta, Mariano"]
[Result "1-0"]
[WhiteElo "2253"]
[BlackElo "2060"]
[PlyCount "93"]
[EventDate "2010.11.17"]
[EventRounds "9"]
[EventCountry "COL"]

1.d4 d6 2.g3 Nd7 3.Bg2 e5 4.c4 Be7 5.Nc3 c6 6.Nf3 Ngf6 7.O-O e4 8.Ng5 d5 9.cxd5
cxd5 10.Qb3 Qb6 11.Qxb6 Nxb6 12.a4 h6 13.Nh3 g5 14.f3 exf3 15.exf3 O-O 16.f4 g4
17.Nf2 Bf5 18.a5 Nbd7 19.Bxd5 Rab8 20.Bg2 Rfd8 21.Be3 b5 22.Rfc1 a6 23.Ncd1 Nf8
24.Rc6 Bc8 25.Rc7 Bd6 26.Ra7 h5 27.Nd3 Ne6 28.Nc3 b4 29.Na4 Nc7 30.Nb6 Bf5
31.Ne5 Nb5 32.Rxa6 Bxe5 33.fxe5 Ne4 34.Rf1 Bh7 35.d5 Nc7 36.Ra7 Nxd5 37.Nxd5
Rxd5 38.Rfxf7 Rd1+ 39.Bf1 Bg6 40.Rg7+ Kh8 41.Rxg6 Rf8 42.Bf4 Nd2 43.Kf2 h4
44.Be2 hxg3+ 45.hxg3 Rxf4+ 46.gxf4 g3+ 47.Ke3

[Event "CAMPEONATO PANAMERICANO-CONTINENTAL ABSOLUTO 2010"
[Site "Cali, Departamento del Valle del Cauca"]
[Date "2010.11.20"]
[Round "7"]
[Board "1"]
[White "Munoz, Julian Andres"]
[Black "Chirivi C, Jenny Astrid"]
[Result "1/2-1/2"]
[WhiteElo "2158"]
[BlackElo "2244"]
[PlyCount "100"]
[EventDate "2010.11.17"]
[EventRounds "9"]
[EventCountry "COL"]

1.d4 d5 2.Nf3 Nf6 3.e3 c6 4.Bd3 Bg4 5.b3 e6 6.O-O Nbd7 7.Bb2 Ne4 8.Be2 Be7
9.Nbd2 f5 10.Ne1 Bxe2 11.Qxe2 O-O 12.f3 Nxd2 13.Qxd2 g5 14.Nd3 Qe8 15.Rae1 Qh5
16.Qa5 Bd6 17.Ne5 Rf7 18.f4 Rg7 19.Nxd7 Rxd7 20.Ba3 Bc7 21.Qb4 Rad8 22.Rf3 Rg7
23.Kh1 Kh8 24.Qd2 Rdg8 25.Rf2 Qh6 26.Ref1 a6 27.Bb4 gxf4 28.exf4 Rg4 29.Qe2 Rxf4
30.Rxf4 Bxf4 31.h3 Rg6 32.Be1 Bd6 33.Rf3 Qg7 34.c3 Kg8 35.Re3 Kf7 36.Rf3 Qh6
37.Bd2 Qh4 38.Be1 Qe4 39.Qf2 Ke8 40.Bd2 Qb1+ 41.Be1 Be7 42.Re3 Bg5 43.Re2 Qd3
44.Re5 Bh4 45.Qg1 Bg5 46.Qf2 Kd7 47.Kg1 Rh6 48.Qe2 Qxe2 49.Rxe2 Bf4 50.Kf2 Rg6

[Event "CAMPEONATO PANAMERICANO-CONTINENTAL ABSOLUTO 2010"
[Site "Cali, Departamento del Valle del Cauca"]
[Date "2010.11.20"]
[Round "7"]
[Board "1"]
[White "Mateus, Martha"]
[Black "Torres, Jose Arturo"]
[Result "1-0"]
[WhiteElo "2144"]
[BlackElo "2202"]
[PlyCount "59"]
[EventDate "2010.11.17"]
[EventRounds "9"]
[EventCountry "COL"]

1.e4 Nf6 2.e5 Nd5 3.c4 Nb6 4.d4 d6 5.exd6 cxd6 6.Nc3 g6 7.Be3 Bg7 8.Rc1 O-O 9.b3
e5 10.dxe5 dxe5 11.c5 N6d7 12.Bc4 Qa5 13.Bd2 Nc6 14.b4 Qd8 15.Ne4 Nf6 16.Nd6 Ne8
17.Nxc8 Rxc8 18.Ne2 Qh4 19.O-O Rd8 20.b5 Nd4 21.Nxd4 Rxd4 22.Qe2 Nf6 23.h3 Nh5
24.Be3 Nf4 25.Qf3 Rxc4 26.Rxc4 Nxh3+ 27.gxh3 Qxc4 28.Qxb7 e4 29.c6 Qe6 30.Qd7

[Event "CAMPEONATO PANAMERICANO-CONTINENTAL ABSOLUTO 2010"
[Site "Cali, Departamento del Valle del Cauca"]
[Date "2010.11.20"]
[Round "7"]
[Board "1"]
[White "Prieto, Ernesto"]
[Black "Uribe, Mauricio"]
[Result "0-1"]
[WhiteElo "2102"]
[BlackElo "2381"]
[PlyCount "48"]
[EventDate "2010.11.17"]
[EventRounds "9"]
[EventCountry "COL"]

1.f4 d5 2.Nf3 g6 3.e3 Bg7 4.Be2 Nh6 5.O-O O-O 6.d4 Nf5 7.c4 dxc4 8.Bxc4 c5 9.d5
Nd6 10.Bd3 e6 11.dxe6 Bxe6 12.Nc3 Nc6 13.Ng5 Qe7 14.Qf3 Nb4 15.Bb1 Rad8 16.a3
Nc6 17.Nxe6 Qxe6 18.g4 f5 19.gxf5 Nxf5 20.Ba2 c4 21.Nd5 Na5 22.e4 Nh4 23.Qg3
Rxd5 24.Qxh4 Bd4+

[Event "CAMPEONATO PANAMERICANO-CONTINENTAL ABSOLUTO 2010"
[Site "Cali, Departamento del Valle del Cauca"]
[Date "2010.11.20"]
[Round "7"]
[Board "1"]
[White "Castrillon Gomez, Melissa"]
[Black "Estrada Nieto, Julian"]
[Result "0-1"]
[WhiteElo "2013"]
[BlackElo "2329"]
[PlyCount "72"]
[EventDate "2010.11.17"]
[EventRounds "9"]
[EventCountry "COL"]

1.e4 e5 2.Nf3 Nc6 3.Bb5 a6 4.Ba4 Nf6 5.O-O Be7 6.Re1 b5 7.Bb3 d6 8.c3 O-O 9.h3
Na5 10.Bc2 c5 11.d4 Qc7 12.Nbd2 cxd4 13.cxd4 Bd7 14.Nf1 Rac8 15.Re2 Rfe8 16.d5
Bd8 17.Ne3 Qb7 18.Bd3 Nh5 19.Rc2 Nf4 20.b4 Nxd3 21.Qxd3 Nc4 22.Nxc4 bxc4 23.Qa3
f5 24.Nd2 fxe4 25.Rxc4 Rxc4 26.Nxc4 Qxd5 27.Ne3 Qd3 28.Qb2 Bb6 29.Rb1 Be6 30.Qc2
Qxc2 31.Nxc2 Bxa2 32.Ra1 Bc4 33.Ne3 Bd4 34.Ra3 Bb5 35.Nd5 Kf7 36.Be3 Rc8